Responses for Show #7089 - Thursday, June 11, 2015

Contestants

[<< previous game]

Kathryn Tesar, a communications professional from Austin, Texas

Kyle Stephens, a customer due-diligence specialist originally from Milwaukee, Wisconsin

Darren Harris-Fain, an English professor from Prattville, Alabama (whose 1-day cash winnings total $22,000)

[next game >>]

Jeopardy! Round responses

WAY BACK IN 2012
HAIRMAGEDDON
THE SIMPSONS SUPPORTING CAST
CREDIT CARD WHERE CREDIT CARD IS DUE
LONDON CALLING
A GAME OF H‑O‑R‑S‑E
(Alex: Notice the separation on the letters. The first clue in that category, the correct response will begin with the letter "H", then "O", "R", as we go down.)
    $200 11
(Vladimir) Putin

Kathryn
    $200 17
dreadlocks

Kathryn
    $200 2
Krusty the Clown

Darren
    $200 23
Visa

Darren
    $200 16
Westminster Abbey

Kyle
    $200 1
hearse

Kathryn
    $400 12
Facebook

Kyle
    $400 18
extensions

Kyle
    $400 7
Moe's

Darren
    $400 26
(Darren: What is American Express?)

MasterCard

DarrenKathryn
    $400 20
Buckingham Palace

Kyle
    $400 3
oblong

Kathryn
    $600 13
(Kathryn: What is ping-pong?)

badminton

DarrenKathryn
    $600 19
a bun

Darren
    $600 8
(Darren: What is police commissioner?)

police chief

DarrenKyle
    $600 27
[The end-of-round signal sounds.]

Capital One

Kyle
    $600 24
Waterloo Station

Triple Stumper
    $600 4
rustle

Darren
    $2,000 14
Colorado & Washington

Darren
    $800 21
a French braid

Kyle
    $800 9
Waylon Smithers

Kyle
    $800 25
the Tate

Kathryn
    $800 5
syntax

Darren
    $1000 15
(Kathryn: What is Congo? The--the--)
(Kyle: What is Libya?)

Syria

KyleKathryn
Triple Stumper
    $1000 22
(Alex: Back to you, Kyle, with a minute to go.)

layered

Triple Stumper
    $1000 10
(Kyle: What is the "Treehouse of Terror"?)

"Treehouse of Horror"

DarrenKyle
    $1000 6
ectopic

Darren

Scores at the first commercial break (after clue 14):

Darren Kyle Kathryn
$6,000 $800 $200

Scores at the end of the Jeopardy! Round:

Darren Kyle Kathryn
$6,400 $2,200 $600

Double Jeopardy! Round responses

GEOMETRY
11th HOUR CLUES
PRESIDENTS
DIFFERS BY A VOWEL
A NOVEL LOOK
A GAME OF HORSE
    $400 5
a cylinder

Darren
    $400 18
Veterans Day

Darren
    $400 1
Reagan

Darren
    $400 9
bench & bunch

Kathryn
    $400 2
Jurassic Park

Darren
    $400 24
a rodeo

Kathryn
    $800 7
a parabola

Darren
    $800 19
Protestants

Darren
    $800 14
(Darren: Who is John Adams?)

Abraham Lincoln

Darren
Triple Stumper
    $800 10
utter & otter

Darren
    $2,800 3
Catch-22

Darren
    $800 25
(Mitt) Romney

Darren
    $1200 23
parallelograms

Kathryn
    $1200 20
Nancy Grace

Kyle
    $1200 15
Eisenhower

Darren
    $1200 11
prom & pram

Kyle
    $1200 4
Life of Pi

Kyle
    $1200 26
dressage

Darren
    $1600 29
[The end-of-round signal sounds.]

convex

Triple Stumper
    $1600 21
plagues

Darren
    $3,600 16
Madison

Darren
    $1600 12
rapture & rupture

Kyle
    $1600 6
Dune

Kyle
    $1600 27
steeplechase

Darren
    $2000 22
immunity

Darren
    $2000 17
(Rutherford B.) Hayes

Darren
    $2000 13
waft & weft

Darren
    $2000 8
One Hundred Years of Solitude

Darren
    $2000 28
(Kathryn: What is carriage racing?)

harness racing

Kathryn
Triple Stumper

Scores at the end of the Double Jeopardy! Round:

Darren Kyle Kathryn
$30,400 $9,000 $600
(lock game)

[wagering suggestions for these scores]

Final Jeopardy! Round responses

MEDITERRANEAN ISLANDS
(Alex: [To Kyle] Surprise, surprise. Did you just guess at that?)
(Kyle: Out of the blue.)
KathrynWhat is Tarsus?
$0
KyleWhat is Malta?
$512
DarrenWhat is Cyprus?
$4,600
Malta

Final scores:

Darren Kyle Kathryn
$25,800 $9,512 $600
2-day champion: $47,800 2nd place: $2,000 3rd place: $1,000

Game dynamics:

Coryat scores:

Darren Kyle Kathryn
$25,200 $9,000 $600
28 R
(including 3 DDs),
3 W
13 R,
2 W
9 R,
3 W

Combined Coryat: $34,800

[game clues] [game scores] [suggest correction]

Game tape date: Unknown
The J! Archive is created by fans, for fans. Scraping, republication, monetization, and malicious use prohibited; this site may use cookies and collect identifying information. See terms. The Jeopardy! game show and all elements thereof, including but not limited to copyright and trademark thereto, are the property of Jeopardy Productions, Inc. and are protected under law. This website is not affiliated with, sponsored by, or operated by Jeopardy Productions, Inc. Join the discussion at JBoard.tv.